<The> Start-up Playbook Founder-to-Founder Advice from Two Startup Veterans

Salvato in:
Dettagli Bibliografici
Autore principale: Bhargava, Rajat
Altri autori: Herman, Will
Natura: Libro
Lingua:inglese
Pubblicazione: Hoboken WILEY 2020
Edizione:1st Edition
Serie:Techstars
Soggetti:
Tags: Aggiungi Tag
Nessun Tag, puoi essere il primo ad aggiungerne!!

MARC

LEADER 00000nam a2200000 4500
001 0269827
005 20230118125314.6
020 |a 978-1-119-70851-3 
041 0 |a eng 
044 |a US 
245 1 0 |a <The> Start-up Playbook  |b Founder-to-Founder Advice from Two Startup Veterans  |c Rajat Bhargava, Will Herman 
250 |a 1st Edition 
264 1 |a Hoboken  |b WILEY  |c 2020 
300 |a 455 s. 
490 1 |a Techstars 
830 0 |a Techstars 
610 2 0 |a podnikanie 
610 2 0 |a start-up 
610 2 0 |a založenie podniku 
610 2 0 |a poradenstvo profesionálne 
610 2 0 |a stratégia podnikateľská 
100 1 |a Bhargava, Rajat 
700 1 |a Herman, Will